Essential psychopharmacology of depression and biopolar disorder/ (Record no. 2762)
[ view plain ]
| 000 -LEADER | |
|---|---|
| fixed length control field | 00635nam a22001697a 4500 |
| 008 - FIXED-LENGTH DATA ELEMENTS--GENERAL INFORMATION | |
| fixed length control field | 150730b xxu||||| |||| 00| 0 eng d |
| 020 ## - INTERNATIONAL STANDARD BOOK NUMBER | |
| International Standard Book Number | 0521786452 |
| 050 ## - LIBRARY OF CONGRESS CALL NUMBER | |
| Classification number | RC 537 .S735 2000 |
| 100 ## - MAIN ENTRY--PERSONAL NAME | |
| Personal name | Stahl,Stephen M. |
| 245 ## - TITLE STATEMENT | |
| Title | Essential psychopharmacology of depression and biopolar disorder/ |
| Statement of responsibility, etc. | Stephen M.Stahl |
| 260 ## - PUBLICATION, DISTRIBUTION, ETC. (IMPRINT) | |
| Place of publication, distribution, etc. | Cambridge : |
| Name of publisher, distributor, etc. | Cambridge University Press, |
| Date of publication, distribution, etc. | 2000. |
| 300 ## - PHYSICAL DESCRIPTION | |
| Extent | x,175p.: |
| Other physical details | ill.; |
| Dimensions | 25cm. |
| 521 ## - TARGET AUDIENCE NOTE | |
| Target audience note | Includes bibliographical reference and index. |
| 650 ## - SUBJECT ADDED ENTRY--TOPICAL TERM | |
| Topical term or geographic name as entry element | Depression,mental-chemotherapy. |
| 650 ## - SUBJECT ADDED ENTRY--TOPICAL TERM | |
| Topical term or geographic name as entry element | Manic-depressive illness-chemotherapy. |
| 650 ## - SUBJECT ADDED ENTRY--TOPICAL TERM | |
| Topical term or geographic name as entry element | Psychopharmacology. |
| 942 ## - ADDED ENTRY ELEMENTS (KOHA) | |
| Source of classification or shelving scheme | |
| Koha item type | Hard Covered Materials |
| Classification part | RC 537 .S735 2000 |
| Withdrawn status | Lost status | Source of classification or shelving scheme | Damaged status | Not for loan | Home library | Current library | Shelving location | Date acquired | Source of acquisition | Total Checkouts | Full call number | Barcode | Date last seen | Date last checked out | Price effective from | Koha item type |
|---|---|---|---|---|---|---|---|---|---|---|---|---|---|---|---|---|
| MACHAKOS UNIVERSITY LIBRARY | MACHAKOS UNIVERSITY LIBRARY | Open shelf | 30/07/2015 | Donation (BFA) | 1 | RC 537 .S735 2000 | 6847 | 22/01/2026 | 13/01/2026 | 30/07/2015 | Hard Covered Materials |